[Event "25th Czech Open A 2014"]
[Site "Pardubice CZE"]
[Date "2014.07.19"]
[Round "2.2"]
[White "Saiyn, Zhanat"]
[Black "Vorobiov, Evgeny E."]
[Result "1/2-1/2"]
[WhiteTitle "FM"]
[BlackTitle "GM"]
[WhiteElo "2399"]
[BlackElo "2591"]
[WhiteFideId "13703820"]
[BlackFideId "4121341"]
[EventDate "2014.07.18"]

1. d4 Nf6 2. Bg5 d5 3. Bxf6 gxf6 4. e3 c5 5. c3 Qb6 6. Qb3 e6 7. Nd2 Nc6 8. Ne2
Bd7 9. Nf4 Bd6 10. Nh5 Ke7 11. Be2 Qxb3 12. axb3 a5 13. dxc5 Bxc5 14. Nf4 Ne5
15. O-O b6 16. Nf3 Nxf3+ 17. Bxf3 Rac8 18. Rfd1 Bd6 19. Rd2 Rhd8 20. Kf1 Rc5 21.
Ne2 Rcc8 22. Nf4 Bxf4 23. exf4 Rc5 24. Re1 f5 25. h3 Bb5+ 1/2-1/2

[Event "25th Czech Open A 2014"]
[Site "Pardubice CZE"]
[Date "2014.07.19"]
[Round "2.3"]
[White "Kravtsiv, Martyn"]
[Black "Kriebel, Tadeas"]
[Result "1/2-1/2"]
[WhiteTitle "GM"]
[BlackTitle "IM"]
[WhiteElo "2569"]
[BlackElo "2398"]
[WhiteFideId "14113147"]
[BlackFideId "330027"]
[EventDate "2014.07.18"]

1. e4 c5 2. Nf3 Nc6 3. d4 cxd4 4. Nxd4 e5 5. Nb5 a6 6. Nd6+ Bxd6 7. Qxd6 Qe7 8.
Qd3 Nf6 9. Nc3 d5 10. Nxd5 Nxd5 11. Qxd5 Be6 12. Qd2 Rd8 13. Bd3 Bc4 14. O-O Nb4
15. Qg5 f6 16. Qh5+ g6 17. Qg4 Nxd3 18. cxd3 Bxd3 19. Re1 O-O 20. Bh6 Rfe8 21.
h3 Qe6 22. Qg3 Bb5 23. b3 Rd3 24. Re3 1/2-1/2

[Event "25th Czech Open A 2014"]
[Site "Pardubice CZE"]
[Date "2014.07.19"]
[Round "2.4"]
[White "Feher, Adam"]
[Black "Vajda, Levente"]
[Result "1/2-1/2"]
[BlackTitle "GM"]
[WhiteElo "2398"]
[BlackElo "2569"]
[WhiteFideId "739081"]
[BlackFideId "1203975"]
[EventDate "2014.07.18"]

1. e4 e5 2. Nf3 Nc6 3. Bb5 a6 4. Ba4 Nf6 5. O-O Be7 6. Re1 b5 7. Bb3 O-O 8. c3
d6 9. h3 Nb8 10. d4 Nbd7 11. Nbd2 Bb7 12. Bc2 g6 13. a4 c5 14. d5 Nh5 15. Nf1
bxa4 16. Bh6 Ng7 17. Ne3 Nb6 18. Nd2 Bg5 19. Bxg7 Kxg7 20. Ndc4 Bxe3 21. Nxe3
Bc8 22. Bxa4 Qg5 23. Bc6 Rb8 24. Qf3 f5 25. exf5 gxf5 26. Qg3 Qxg3 27. fxg3 f4
28. gxf4 exf4 29. Nd1 Nc4 30. Re7+ Kh6 31. Bd7 Bxd7 32. Rxd7 Rb6 33. Ra4 Ne5 34.
Ra7 Rf5 35. R4xa6 Rxa6 36. Rxa6 Nc4 37. Ra4 Rxd5 38. Rxc4 Rxd1+ 39. Kf2 Kg5 40.
b4 cxb4 41. cxb4 Kf5 42. Rc7 Rb1 1/2-1/2

[Event "25th Czech Open A 2014"]
[Site "Pardubice CZE"]
[Date "2014.07.19"]
[Round "2.5"]
[White "Grekh, Andrey"]
[Black "Mozharov, Mikhail"]
[Result "0-1"]
[WhiteTitle "IM"]
[BlackTitle "GM"]
[WhiteElo "2396"]
[BlackElo "2540"]
[WhiteFideId "14112418"]
[BlackFideId "4189825"]
[EventDate "2014.07.18"]

1. e4 c6 2. d4 d5 3. e5 Bf5 4. Nf3 e6 5. Be2 Ne7 6. O-O Bg6 7. Nbd2 Nf5 8. Nb3
Nd7 9. a4 Be7 10. a5 O-O 11. Bd2 c5 12. c3 a6 13. g4 Nh6 14. h3 c4 15. Nc1 Kh8
16. Nh2 f6 17. exf6 Bxf6 18. f4 Be7 19. b3 Bd6 20. bxc4 Qc7 21. cxd5 exd5 22.
Nd3 Bxd3 23. Bxd3 Bxf4 24. Bxf4 Rxf4 25. g5 Rxf1+ 26. Nxf1 Nf7 27. Qh5 g6 28.
Bxg6 Nxg5 29. Qxg5 Rg8 30. Qxd5 Rxg6+ 31. Kf2 Rd6 32. Qe4 Rf6+ 33. Kg2 Rg6+ 34.
Kf2 Qxc3 35. Re1 Nf6 36. Qe5 Qxh3 37. Re3 Qh4+ 38. Rg3 Rg7 39. Kf3 Qh5+ 40. Qxh5
Nxh5 41. Rh3 Rg5 42. Rh2 Rxa5 43. Ne3 Nf6 44. Rb2 Rb5 45. Rxb5 axb5 46. Nf5 b4
47. Ke3 h5 48. Kd3 Kh7 49. Kc4 Kg6 50. Ne3 h4 51. Kxb4 h3 52. Nf1 Kf5 53. Kc5
Ke4 0-1

[Event "25th Czech Open A 2014"]
[Site "Pardubice CZE"]
[Date "2014.07.19"]
[Round "2.6"]
[White "Saric, Ante"]
[Black "Satyapragyan, Swayangsu"]
[Result "1-0"]
[WhiteTitle "GM"]
[BlackTitle "IM"]
[WhiteElo "2536"]
[BlackElo "2393"]
[WhiteFideId "14506254"]
[BlackFideId "5004306"]
[EventDate "2014.07.18"]

1. Nf3 Nf6 2. g3 b6 3. Bg2 Bb7 4. O-O g6 5. c4 Bg7 6. d4 O-O 7. d5 e6 8. Nc3
exd5 9. cxd5 c6 10. e4 cxd5 11. e5 Ne4 12. Nxd5 d6 13. Nh4 Nc5 14. exd6 Nc6 15.
Re1 Kh8 16. Ne7 Nd4 17. Bxb7 Nxb7 18. Bh6 Bxh6 19. Qxd4+ Bg7 20. Qd5 Qd7 21.
Rac1 Nxd6 22. Rcd1 Rad8 23. Nc6 Rde8 24. Rxe8 Rxe8 25. Qxd6 1-0

[Event "25th Czech Open A 2014"]
[Site "Pardubice CZE"]
[Date "2014.07.19"]
[Round "2.7"]
[White "Vavulin, Maksim"]
[Black "Stefansson, Hannes"]
[Result "1-0"]
[WhiteTitle "IM"]
[BlackTitle "GM"]
[WhiteElo "2393"]
[BlackElo "2536"]
[WhiteFideId "4169530"]
[BlackFideId "2300087"]
[EventDate "2014.07.18"]

1. e4 c5 2. Nf3 e6 3. b3 b6 4. Bb2 Bb7 5. Qe2 Nf6 6. Nc3 Be7 7. O-O-O d5 8. exd5
exd5 9. d4 O-O 10. g3 c4 11. bxc4 Nc6 12. Ne5 Na5 13. Bg2 Nxc4 14. Nxc4 Ba6 15.
Bxd5 Nxd5 16. Nxd5 Qxd5 17. Qxe7 Bxc4 18. Rhe1 Bxa2 19. Re5 Qf3 20. d5 Rac8 21.
Rd2 Bb3 22. Re3 Qh1+ 23. Re1 Qf3 24. Re3 Qh1+ 25. Re1 Qf3 26. d6 Qf5 27. Ree2
Be6 28. d7 Rcd8 29. Re5 Qh3 30. Rg5 1-0

[Event "25th Czech Open A 2014"]
[Site "Pardubice CZE"]
[Date "2014.07.19"]
[Round "2.8"]
[White "Mueller, Ralf1"]
[Black "Krejci, Jan2"]
[Result "1/2-1/2"]
[WhiteTitle "FM"]
[BlackTitle "GM"]
[WhiteElo "2392"]
[BlackElo "2528"]
[WhiteFideId "4606612"]
[BlackFideId "322156"]
[EventDate "2014.07.18"]

1. Nf3 Nf6 2. c4 e6 3. g3 d5 4. Bg2 Be7 5. O-O O-O 6. d4 c6 7. Qc2 Nbd7 8. Bf4
Nh5 9. Bc1 Nhf6 10. Bf4 Nh5 11. Bc1 f5 12. Nbd2 Nhf6 13. Ng5 Nb8 14. Nh3 Ne4 15.
Nf4 Nxd2 16. Bxd2 Bf6 17. e3 Re8 18. b4 Nd7 19. b5 Nb6 20. Ba5 Qd7 21. Bxb6 axb6
22. Rab1 Qd8 23. Qb3 Rb8 24. a4 Bd7 25. Nd3 g6 26. Rfc1 Kg7 27. c5 bxc5 28. Nxc5
cxb5 29. Nxd7 Qxd7 30. Qxb5 Qxb5 31. Rxb5 Re7 32. Bf3 Ra8 33. Bd1 Rd7 34. Kf1
Bd8 35. Rbb1 Kf6 36. Be2 Ke7 37. Bb5 Rc7 38. Rxc7+ Bxc7 39. Ke2 Kd6 40. f4 Ba5
41. Bd3 Ra7 42. h3 b6 43. Rc1 Rc7 44. Rxc7 Kxc7 1/2-1/2

[Event "25th Czech Open A 2014"]
[Site "Pardubice CZE"]
[Date "2014.07.19"]
[Round "2.9"]
[White "Teske, Henrik"]
[Black "Jasny, Stanislav"]
[Result "1-0"]
[WhiteTitle "GM"]
[BlackTitle "IM"]
[WhiteElo "2512"]
[BlackElo "2385"]
[WhiteFideId "4611500"]
[BlackFideId "311030"]
[EventDate "2014.07.18"]

1. Nf3 Nf6 2. g3 c5 3. Bg2 Nc6 4. O-O g6 5. c4 Bg7 6. Nc3 O-O 7. d4 cxd4 8. Nxd4
Nxd4 9. Qxd4 d6 10. Qd3 a6 11. Bd2 Rb8 12. a4 Nd7 13. Qc2 Ne5 14. Nd5 e6 15. Ne3
Nc6 16. Rfd1 Nd4 17. Qd3 e5 18. Bc3 Re8 19. Bxd4 exd4 20. Nd5 Bf5 21. Qd2 a5 22.
Ra3 h5 23. h4 Be6 24. Rb3 b6 25. Bf3 Bd7 26. Ra1 Be6 27. Raa3 Kh7 28. Rb5 Bd7
29. Rbb3 Be6 30. Rb5 Bd7 31. b4 Bxb5 32. axb5 axb4 33. Nxb4 Qc7 34. Bc6 d5 35.
Nxd5 Qd6 36. Ra7 Rf8 37. Qd3 Kh8 38. Kg2 Qc5 39. Nf4 Qd6 40. Bd5 Be5 41. Nh3 f5
42. Ng5 Bg7 43. Ne6 Be5 44. Qd2 f4 45. gxf4 Rxf4 46. Nxf4 Bxf4 47. Qxd4+ Be5 48.
Qe3 Bg7 49. Qe7 Qxe7 50. Rxe7 Bf6 51. Re6 Kg7 52. Kg3 Rf8 53. Be4 Rd8 54. f4 1-0

[Event "25th Czech Open A 2014"]
[Site "Pardubice CZE"]
[Date "2014.07.19"]
[Round "2.10"]
[White "Sergeyev, Alexander"]
[Black "Bluebaum, Matthias"]
[Result "0-1"]
[WhiteTitle "FM"]
[BlackTitle "IM"]
[WhiteElo "2389"]
[BlackElo "2510"]
[WhiteFideId "13702076"]
[BlackFideId "24651516"]
[EventDate "2014.07.18"]

1. e4 e6 2. Nc3 d5 3. d4 Nf6 4. Bg5 dxe4 5. Nxe4 Be7 6. Bxf6 gxf6 7. Nf3 f5 8.
Ned2 c5 9. Bb5+ Bd7 10. Qe2 Bxb5 11. Qxb5+ Qd7 12. a4 cxd4 13. Nxd4 Bf6 14. N2b3
Nc6 15. O-O-O Nxd4 16. Nxd4 Qxb5 17. Nxb5 Ke7 18. Rd3 a6 19. Nd6 Rhd8 20. Rhd1
b5 21. axb5 axb5 22. Nxb5 Ra1+ 23. Kd2 Rxd3+ 24. cxd3 Ra2 25. Rb1 Bxb2 26. Ke3
Kd7 27. d4 Kc6 28. Na7+ Kd5 29. Nb5 f6 30. g3 Kc6 31. Nc3 Bxc3 32. Rc1 Ra3 33.
Kd3 Kd5 34. Rxc3 Ra4 35. Rc5+ Kd6 36. Rc4 Ra2 37. Rc2 Ra3+ 38. Rc3 Ra1 39. Rb3
Kc6 40. Rb8 Ra3+ 41. Kc4 Ra4+ 42. Kd3 Ra3+ 43. Kc4 f4 44. Rf8 Ra4+ 45. Kd3 f5
46. g4 Ra3+ 47. Kc4 fxg4 48. Rxf4 h5 49. Rf8 Kd6 50. Rh8 Rh3 51. Rh6 Rh4 52. f3
gxf3 53. Rf6 Rh3 54. Rf7 Kc6 55. Re7 Kd6 56. Rf7 h4 57. Rf6 Ke7 58. Rf4 Rxh2 59.
Rxf3 Ra2 60. Rf4 h3 61. Rh4 h2 62. Rh6 Kf7 63. d5 exd5+ 64. Kxd5 Kg7 65. Rh3 Kg6
66. Ke4 Ra4+ 67. Ke5 Ra5+ 68. Kf4 Rh5 0-1

[Event "25th Czech Open A 2014"]
[Site "Pardubice CZE"]
[Date "2014.07.19"]
[Round "2.11"]
[White "Chernyshov, Konstantin"]
[Black "Sukandar, Irine Kharisma"]
[Result "1/2-1/2"]
[WhiteTitle "GM"]
[BlackTitle "WGM"]
[WhiteElo "2508"]
[BlackElo "2375"]
[WhiteFideId "4117328"]
[BlackFideId "7101937"]
[EventDate "2014.07.18"]

1. b3 e5 2. Bb2 Nc6 3. e3 d5 4. Bb5 Bd6 5. f4 Qh4+ 6. g3 Qe7 7. Nf3 Bg4 8. fxe5
Bxe5 9. Bxe5 Bxf3 10. Qxf3 Qxe5 11. Nc3 Nf6 12. O-O O-O 13. Bxc6 bxc6 14. Qf4
Qe7 15. Qa4 Qd6 16. Rf4 Nh5 17. Rf2 f5 18. Raf1 g6 19. g4 fxg4 20. Qxg4 Rxf2 21.
Rxf2 Rf8 22. Rxf8+ Kxf8 23. Qd4 Nf6 24. b4 Kf7 25. Ne2 Ne4 26. d3 Ng5 27. Kg2
Ne6 28. Qc3 c5 29. bxc5 Qxc5 30. Qxc5 Nxc5 31. Nd4 a6 32. Kf3 Na4 33. Nc6 Nc3
34. a3 Ke6 35. Kf4 Kd6 36. Nd4 c5 37. Nb3 h6 38. e4 dxe4 39. dxe4 Nb5 40. a4 Na3
41. e5+ Kd5 42. e6 Kxe6 43. Nxc5+ Kd5 44. Nxa6 Nxc2 45. Nc7+ Kd6 46. Nb5+ Kc5 1/2-1/2

[Event "25th Czech Open A 2014"]
[Site "Pardubice CZE"]
[Date "2014.07.19"]
[Round "2.12"]
[White "Haba, Petr"]
[Black "Vrana, Jan"]
[Result "1-0"]
[WhiteTitle "GM"]
[BlackTitle "FM"]
[WhiteElo "2502"]
[BlackElo "2374"]
[WhiteFideId "300160"]
[BlackFideId "322369"]
[EventDate "2014.07.18"]

1. d4 Nf6 2. c4 e6 3. g3 d5 4. Bg2 dxc4 5. Nf3 a6 6. O-O Nc6 7. Be3 Nd5 8. Qc1
Be7 9. Nbd2 Nxe3 10. fxe3 O-O 11. Nxc4 Rb8 12. a3 Bf6 13. Qc3 Ne7 14. b4 b6 15.
Nce5 Bb7 16. Rac1 Rc8 17. Qd3 Ng6 18. Ng4 Be7 19. Nfe5 Bxg2 20. Kxg2 Qd5+ 21. e4
Qb7 22. Nc6 Bg5 23. Rc3 Ne7 24. Nge5 Nxc6 25. Nxc6 Rce8 26. h4 Bd8 27. Rfc1 f5
28. e5 f4 29. Qe4 Kh8 30. gxf4 Rf7 31. h5 Rg8 32. Kf3 Bg5 33. e3 Bh6 34. d5 Qc8
35. d6 Qe8 36. Ne7 Rgf8 37. Rh1 cxd6 38. exd6 Rf6 39. Rc8 Qd7 40. Rxf8+ Rxf8 41.
Qc6 Qd8 42. Ke4 e5 43. Kxe5 1-0

[Event "25th Czech Open A 2014"]
[Site "Pardubice CZE"]
[Date "2014.07.19"]
[Round "2.13"]
[White "Aulia, Medina Warda"]
[Black "Venkatesh, M.R."]
[Result "1/2-1/2"]
[WhiteTitle "WGM"]
[BlackTitle "GM"]
[WhiteElo "2382"]
[BlackElo "2498"]
[WhiteFideId "7101570"]
[BlackFideId "5005779"]
[EventDate "2014.07.18"]

1. e4 c5 2. Nf3 Nc6 3. d4 cxd4 4. Nxd4 Nf6 5. Nc3 e5 6. Ndb5 d6 7. Bg5 a6 8. Na3
b5 9. Nd5 Be7 10. Bxf6 Bxf6 11. c4 b4 12. Nc2 a5 13. g3 O-O 14. Bg2 Be6 15. O-O
Bg5 16. b3 Qb8 17. a3 bxa3 18. Rxa3 Bd8 19. f4 f6 20. Kh1 Bf7 21. Nce3 Nd4 22.
Nf5 Bxd5 23. Nxd4 Bf7 24. Nf5 Bb6 25. Qg4 g6 26. Ne7+ Kg7 27. Qh4 Be6 28. Raa1
Bd8 29. Nc6 Qb6 30. Nxd8 Raxd8 31. f5 g5 32. Qg4 Bf7 33. Qf3 Rb8 34. Ra3 Rfc8
35. Rfa1 Rc5 36. h4 h6 37. Kh2 Qb4 38. Qd3 Rb6 39. Bf3 a4 40. Bd1 Be8 1/2-1/2

[Event "25th Czech Open A 2014"]
[Site "Pardubice CZE"]
[Date "2014.07.19"]
[Round "2.14"]
[White "Kislinsky, Alexey"]
[Black "Druska, Juraj"]
[Result "1-0"]
[WhiteTitle "GM"]
[BlackTitle "FM"]
[WhiteElo "2491"]
[BlackElo "2355"]
[WhiteFideId "14108801"]
[BlackFideId "14915650"]
[EventDate "2014.07.18"]

1. e4 c5 2. Nf3 d6 3. Bb5+ Bd7 4. Bxd7+ Qxd7 5. O-O Nc6 6. c3 Nf6 7. d4 Nxe4 8.
d5 Ne5 9. Re1 Nf6 10. h3 O-O-O 11. Na3 Nxf3+ 12. Qxf3 e5 13. c4 Be7 14. Rb1 g5
15. Bxg5 Nxd5 16. cxd5 Bxg5 17. b4 cxb4 18. Rxb4 Bd2 19. Rc4+ Kb8 20. Rb1 Rc8
21. Qb3 Ba5 22. Ra4 Rc3 23. Qb5 Qxb5 24. Nxb5 Rc5 25. Nxd6 Bb6 26. Nc4 Rxd5 27.
Nxb6 axb6 28. Rxb6 f5 29. Rab4 Rd7 30. Re6 Rd1+ 31. Kh2 Rd2 32. Rxe5 Rxf2 33.
Re7 f4 34. Rbxb7+ Ka8 35. Ra7+ Kb8 36. Reb7+ Kc8 37. Rb1 1-0

[Event "25th Czech Open A 2014"]
[Site "Pardubice CZE"]
[Date "2014.07.19"]
[Round "2.15"]
[White "Garcia Roman, Daniel"]
[Black "Sivuk, Vitaly"]
[Result "1-0"]
[WhiteTitle "IM"]
[BlackTitle "IM"]
[WhiteElo "2379"]
[BlackElo "2483"]
[WhiteFideId "2215870"]
[BlackFideId "14116502"]
[EventDate "2014.07.18"]

1. d4 Nf6 2. c4 g6 3. Nf3 Bg7 4. g3 O-O 5. Bg2 d6 6. O-O Nc6 7. Nc3 Bf5 8. d5
Na5 9. Nd2 c5 10. e4 Bd7 11. Qc2 e5 12. b3 Nh5 13. Bb2 Rb8 14. a3 b6 15. Nb5
Bxb5 16. cxb5 Qd7 17. a4 f5 18. Bh3 Rbe8 19. Bc3 Nb7 20. Nc4 Qf7 21. a5 bxa5 22.
Bxa5 fxe4 23. Bc3 Qxd5 24. Rfd1 Qf7 25. Rxa7 Re7 26. Rxb7 Rxb7 27. Nxd6 Qe7 28.
Nxb7 Qxb7 29. Qe2 Kh8 30. Bg2 Qf7 31. Qb2 Qf5 32. Re1 Nf6 33. Bxe5 Re8 34. Bc3
h5 35. b6 Re7 36. Bxe4 Nxe4 37. Bxg7+ Kg8 38. Bh6 Kh7 39. Bf4 g5 40. Bc7 Rf7 41.
Qc2 Qxf2+ 42. Qxf2 Nxf2 43. Rf1 1-0

[Event "25th Czech Open A 2014"]
[Site "Pardubice CZE"]
[Date "2014.07.19"]
[Round "2.16"]
[White "Pavlidis, Antonios"]
[Black "Golubov, Saveliy"]
[Result "1/2-1/2"]
[WhiteTitle "IM"]
[WhiteElo "2479"]
[BlackElo "2339"]
[WhiteFideId "4212312"]
[BlackFideId "24176729"]
[EventDate "2014.07.18"]

1. e4 e6 2. d4 d5 3. Nc3 Bb4 4. e5 Ne7 5. a3 Bxc3+ 6. bxc3 c5 7. Qg4 O-O 8. Bd3
Nbc6 9. Qh5 Ng6 10. Nf3 Qc7 11. Be3 c4 12. Bxg6 fxg6 13. Qg4 Bd7 14. h4 Rf5 15.
Ng1 Qb6 16. Ne2 Qb2 17. Kd2 Na5 18. Rhb1 Nb3+ 19. Kd1 Qxa1 20. Rxa1 Nxa1 21. Kc1
Ba4 22. Ng3 Nxc2 23. Nxf5 gxf5 24. Qd1 a5 25. Bg5 b5 26. Qh5 b4 27. Bh6 bxa3 28.
Qg5 Ra7 29. Qd8+ Kf7 30. Bxg7 Kxg7 31. Qf6+ Kg8 32. Qd8+ Kg7 33. Qf6+ Kg8 34.
Qd8+ Kg7 1/2-1/2

[Event "25th Czech Open A 2014"]
[Site "Pardubice CZE"]
[Date "2014.07.19"]
[Round "2.17"]
[White "Ekdyshman, Mikhail"]
[Black "Poetsch, Hagen"]
[Result "0-1"]
[WhiteTitle "IM"]
[BlackTitle "IM"]
[WhiteElo "2369"]
[BlackElo "2477"]
[WhiteFideId "4149416"]
[BlackFideId "24615137"]
[EventDate "2014.07.18"]

1. d4 Nf6 2. Nf3 b6 3. Bf4 Bb7 4. e3 g6 5. h3 Bg7 6. Be2 O-O 7. O-O d6 8. c4
Nbd7 9. Nc3 Re8 10. d5 Nh5 11. Nd4 Nxf4 12. exf4 e5 13. fxe5 dxe5 14. Nc6 Qf6
15. Ne4 Qf4 16. g3 Qh6 17. h4 Nf8 18. c5 f5 19. Ng5 Bf6 20. d6 Bxg5 21. hxg5
Qxg5 22. Qd5+ Kg7 23. d7 Re7 24. d8=Q Rxd8 25. Qxd8 Bxc6 26. Bc4 f4 27. Bd5 Bb5
28. cxb6 axb6 29. Rfc1 c6 30. Bg2 fxg3 31. Qxb6 Ne6 32. a4 Nf4 33. Rc2 Bd3 34.
fxg3 Qxg3 35. Rd2 Rf7 36. Qc5 Nh3+ 37. Kh1 Nf2+ 38. Rxf2 Rxf2 39. Qxc6 Rf4 40.
Qc7+ Kh6 41. Qc1 Qh4+ 42. Kg1 Qf2+ 43. Kh2 Be4 0-1

[Event "25th Czech Open A 2014"]
[Site "Pardubice CZE"]
[Date "2014.07.19"]
[Round "2.18"]
[White "Arun Prasad, S."]
[Black "Gheng, Josef"]
[Result "1-0"]
[WhiteTitle "GM"]
[BlackTitle "FM"]
[WhiteElo "2472"]
[BlackElo "2336"]
[WhiteFideId "5011167"]
[BlackFideId "4618041"]
[EventDate "2014.07.18"]

1. Nf3 c5 2. c4 g6 3. d4 Bg7 4. d5 b5 5. cxb5 a6 6. bxa6 Bxa6 7. Nc3 Nf6 8. e4
Bxf1 9. Kxf1 d6 10. g3 O-O 11. Kg2 Nbd7 12. a4 Qb6 13. Qe2 Rfb8 14. Nb5 Ne8 15.
Bg5 Kf8 16. Nd2 Nc7 17. Nc4 Qb7 18. Nxc7 Qxc7 19. Bd2 Kg8 20. Rhb1 Nb6 21. Ba5
Rxa5 22. Nxa5 Nxd5 23. exd5 Qxa5 24. Qxe7 Be5 25. Re1 Bxb2 26. Rab1 c4 27. Qxd6
Rd8 28. Qc6 c3 29. Re8+ Rxe8 30. Qxe8+ Kg7 31. Qc6 Qb4 32. d6 Qd4 33. d7 Qd3 34.
Re1 c2 35. d8=Q Qxd8 36. Qxc2 Bd4 37. Qe4 Qb6 38. Rb1 Qf6 39. Qf3 Qe6 40. Rd1
Bb6 41. Rd5 Qe1 42. Rd7 Qe6 43. Rb7 Bd4 44. a5 Qa2 45. Rd7 1-0

[Event "25th Czech Open A 2014"]
[Site "Pardubice CZE"]
[Date "2014.07.19"]
[Round "2.19"]
[White "Kourousis, Epaminondas"]
[Black "Simacek, Pavel"]
[Result "0-1"]
[BlackTitle "IM"]
[WhiteElo "2364"]
[BlackElo "2470"]
[WhiteFideId "4211626"]
[BlackFideId "307165"]
[EventDate "2014.07.18"]

1. Nf3 f5 2. g3 c5 3. c4 Nc6 4. d4 cxd4 5. Nxd4 g6 6. Bg2 Bg7 7. Nc2 Nf6 8. O-O
O-O 9. Nc3 d6 10. Rb1 Bd7 11. b3 a6 12. Bb2 Rb8 13. Nd5 b5 14. Nxf6+ Bxf6 15. c5
dxc5 16. Bxf6 Rxf6 17. Qd5+ Kg7 18. Rfd1 Be8 19. Qxc5 Qb6 20. Qxb6 Rxb6 21. Ne3
Rb8 22. Nd5 Rd6 23. Nc7 Rxd1+ 24. Rxd1 Nb4 25. Rd2 Bc6 26. Bxc6 Nxc6 27. Nxa6
Ra8 28. Nc7 Ra5 29. e3 Nb4 30. Nd5 Rxa2 31. Rxa2 Nxa2 32. Nxe7 Nc1 33. b4 Na2
34. Nc6 Kf6 35. Kf1 Nc3 36. Ke1 Ke6 37. Kd2 Ne4+ 38. Ke2 Kd5 39. Na5 Nc3+ 40.
Kd2 Na2 41. Nb3 Kc4 42. Nd4 Nxb4 43. f3 Nd5 44. Nc6 b4 45. e4 fxe4 46. fxe4 Nc7
47. Na5+ Kd4 48. Nc6+ Kc5 49. Na5 Ne6 50. Ke3 Kb5 51. Nb3 Kc4 52. Nd2+ Kc3 53.
e5 b3 54. Nb1+ Kc2 55. Na3+ Kb2 56. Nb5 Kc1 57. Na3 Kb2 58. Nb5 Ka1 59. Nc3 b2
60. Kd3 Nc5+ 61. Kc2 h5 62. Nb1 Ne6 63. Nd2 Nd4+ 64. Kc3 Nf3 65. e6 Nxd2 66. e7
Ne4+ 0-1

[Event "25th Czech Open A 2014"]
[Site "Pardubice CZE"]
[Date "2014.07.19"]
[Round "2.20"]
[White "Sylvan, Jacob"]
[Black "Akesson, Ralf"]
[Result "0-1"]
[WhiteTitle "FM"]
[BlackTitle "GM"]
[WhiteElo "2356"]
[BlackElo "2462"]
[WhiteFideId "1402137"]
[BlackFideId "1700120"]
[EventDate "2014.07.18"]

1. e4 c5 2. Nf3 e6 3. d4 cxd4 4. Nxd4 Nc6 5. Nc3 Qc7 6. Be3 a6 7. Qd2 Nf6 8. f3
Be7 9. O-O-O h5 10. Nxc6 dxc6 11. Qf2 b5 12. Bb6 Qb7 13. Bc5 e5 14. Bxe7 Qxe7
15. Qb6 Bd7 16. Be2 O-O 17. Qc7 Rfc8 18. Qd6 Kf8 19. Qd2 a5 20. g4 Rd8 21. g5
Ne8 22. Qe3 Nc7 23. g6 fxg6 24. f4 Kg8 25. Rhg1 Be8 26. f5 Rxd1+ 27. Bxd1 b4 28.
Ne2 gxf5 29. exf5 Nd5 30. Qe4 Rd8 31. c3 bxc3 32. Bb3 cxb2+ 33. Kxb2 Bf7 34. Ng3
Nf6 35. Qxc6 Bxb3 36. axb3 Rd2+ 37. Kc1 Ra2 0-1

[Event "25th Czech Open A 2014"]
[Site "Pardubice CZE"]
[Date "2014.07.19"]
[Round "2.21"]
[White "Firat, Burak"]
[Black "Sabuk, Piotr"]
[Result "0-1"]
[WhiteTitle "IM"]
[WhiteElo "2458"]
[BlackElo "2336"]
[WhiteFideId "6305881"]
[BlackFideId "1137565"]
[EventDate "2014.07.18"]

1. e4 e5 2. Nf3 Nc6 3. Bb5 a6 4. Ba4 Nf6 5. O-O Be7 6. Re1 b5 7. Bb3 d6 8. c3
O-O 9. h3 Bb7 10. d4 Re8 11. a4 h6 12. Nbd2 Bf8 13. Bc2 exd4 14. cxd4 Nb4 15.
Bb1 c5 16. d5 Nd7 17. Ra3 f5 18. g4 f4 19. Nb3 Ne5 20. axb5 axb5 21. Rxa8 Qxa8
22. Nxe5 dxe5 23. d6 c4 24. Qd2 Na6 25. Na5 Rd8 26. b3 Rxd6 27. Qb2 c3 28. Qxc3
Rd4 29. Nxb7 Bb4 30. Qc6 Bxe1 31. Bb2 Bxf2+ 32. Kxf2 Rd2+ 33. Kf3 Rxb2 34. Qe6+
Kh7 35. Nd6 Nc5 36. Qf5+ Kg8 37. Qf7+ Kh8 38. g5 Qg8 0-1

[Event "25th Czech Open A 2014"]
[Site "Pardubice CZE"]
[Date "2014.07.19"]
[Round "2.22"]
[White "Nun, Jiri"]
[Black "Belyakov, Bogdan"]
[Result "0-1"]
[WhiteTitle "IM"]
[BlackTitle "IM"]
[WhiteElo "2351"]
[BlackElo "2456"]
[WhiteFideId "300179"]
[BlackFideId "24104795"]
[EventDate "2014.07.18"]

1. e4 e5 2. Nf3 Nc6 3. Bc4 Nf6 4. d3 Bc5 5. O-O O-O 6. h3 d6 7. c3 a6 8. Bb3 Ba7
9. Re1 Ne7 10. d4 Ng6 11. Nbd2 Qe7 12. Nf1 Be6 13. Bc2 h6 14. Ng3 Rfe8 15. Be3
Nh7 16. Qd2 Nh4 17. Nh2 Ng5 18. Bxg5 Qxg5 19. Qxg5 hxg5 20. dxe5 dxe5 21. Bb3
Rad8 22. Rad1 Bc8 23. Rxd8 Rxd8 24. Rd1 Rxd1+ 25. Bxd1 Bd7 26. Nf3 Nxf3+ 27.
Bxf3 Kf8 28. Kf1 g6 29. Ke1 Ke7 30. Nf1 Be6 31. b3 b5 32. Be2 c6 33. Bd3 a5 34.
Bc2 Bc5 35. f3 Kd7 36. Ke2 Kc7 37. Nd2 Kb6 38. a4 Be7 39. Kd3 Kc5 40. axb5 cxb5
41. Nb1 Kb6 42. Nd2 Bc5 43. Nf1 Ba3 44. Ne3 Kc5 45. Ng4 Kd6 46. Nf6 Bc1 47. Bd1
Bf4 48. Bc2 a4 49. c4 a3 50. Bb1 Kc5 51. Nd5 bxc4+ 52. bxc4 f5 53. g4 fxe4+ 54.
fxe4 Bd7 55. Ba2 Bg3 56. Ne7 Be8 57. Nd5 Be1 58. Ne7 Ba5 59. Nd5 Ba4 60. Ne7 Bd8
61. Nd5 Bd1 62. Ne3 Bf3 63. Nc2 Bg2 64. Nxa3 Bxh3 65. Nc2 Bxg4 66. Ne3 Bh3 67.
Bb3 g4 68. Bd1 g3 69. Bf3 Bg5 70. Bg2 Bc8 71. Nf1 Bf4 72. Ne3 Bxe3 73. Kxe3 Kxc4
74. Bf1+ Kc3 75. Bb5 g2 76. Kf2 Bb7 0-1

[Event "25th Czech Open A 2014"]
[Site "Pardubice CZE"]
[Date "2014.07.19"]
[Round "2.23"]
[White "Malakhov, Igor"]
[Black "Kerigan, Demre"]
[Result "0-1"]
[WhiteTitle "IM"]
[BlackTitle "FM"]
[WhiteElo "2454"]
[BlackElo "2318"]
[WhiteFideId "4183088"]
[BlackFideId "6307841"]
[EventDate "2014.07.18"]

1. e4 d6 2. d4 Nf6 3. Nc3 c6 4. f4 Qa5 5. e5 Ne4 6. Qf3 d5 7. Bd3 f5 8. exf6
exf6 9. Bxe4 dxe4 10. Qxe4+ Kf7 11. Nf3 Bb4 12. O-O Bxc3 13. bxc3 Bf5 14. Qe3
Re8 15. Qd2 Qa4 16. Rb1 b5 17. a3 Qxc2 18. Rb2 Qxd2 19. Bxd2 Be4 20. a4 Nd7 21.
axb5 cxb5 22. Ra1 a6 23. Kf2 Nb6 24. Rba2 Nc4 25. f5 a5 26. Bf4 Bxf5 27. Nd2
Nxd2 28. Rxd2 Rec8 29. Ra3 Ke6 30. Rb3 a4 31. Rxb5 a3 32. Re2+ Kf7 33. Ra2 Bd3
34. Rb3 Bc4 35. Rb7+ Ke6 36. Ra1 Kf5 37. Bd6 a2 38. Rxg7 Ra6 39. Bb4 Re6 40.
Rxh7 Rce8 41. Rc7 Re2+ 0-1